| 000 | 01423nam a22003257a 4500 | ||
|---|---|---|---|
| 003 | DO-SdBNP | ||
| 005 | 20171109121041.0 | ||
| 008 | 161026b1985 || 00| 0 spa d | ||
| 040 |
_aBPMSU _bspa _cBPMSU |
||
| 082 | 4 |
_a610.724 _bC212m, 1989 |
|
| 100 | 1 | _aCanales, Francisca H. de | |
| 245 | 1 | 0 |
_aMetodología de la investigación : _bmanual para el desarrollo de personal de salud / _cFrancisca H. de Canales, Eva Luz de Alvarado, Elia Beatriz Pineda |
| 260 | 0 |
_a[ s.l.] : _bOPS , _c1989 |
|
| 300 |
_a327 p. : _c24 cm |
||
| 490 | 1 |
_aPublicación PASCCAP; _v16 |
|
| 490 | 1 |
_aPALTEX para ejecutores de programas de salud _v9 |
|
| 650 | 4 |
_aMEDICINA _xINVESTIGACIÓNES |
|
| 650 | 4 |
_aMEDICINA CLÍNICA _xINVESTIGACIONES |
|
| 700 | 1 | 2 | _aAlvarado, Eva Luz, de |
| 700 | 1 | 2 | _aPineda, Elia Beatriz |
| 710 | 2 | 2 |
_aOrganización Panamericana de la Salud _bPrograma Centroamericano de Investigación sobre Personal de Salud |
| 710 | 2 | 2 |
_aOrganización Panamericana de la Salud. _bPrograma de Adiestramiento en Salud Comunitaria de Centroamérica y Panamá |
| 710 | 2 | 2 |
_aOrganización Panamericana de la Salud. _bPrograma de Adiestramiento en Salud Comunitaria de Centroamérica y Panamá |
| 830 | 0 |
_aPublicación PASCCAP ; _v16 |
|
| 830 | 0 |
_aPALTEX para ejecutivos de programas de salud ; _n9 |
|
| 910 | _aValidado. Control de calidad MFF | ||
| 942 |
_2ddc _cBK |
||
| 945 | _aInventariado extranjero / 2017 VM | ||
| 956 | _adgarcia | ||
| 999 |
_c11685 _d11685 |
||